000 00409nam a22001697a 4500
003 MPLRDC
005 20220104144144.0
008 210129b ||||| |||| 00| 0 eng d
082 _a551.85 BXX c.3
100 _a槟城消费人协会
245 _a消费问题与你
_c
250 _a再版
260 _a
_b槟城消费人协会
_c1987
300 _b
650 _a消费
942 _cBK
_o551.85 BXX c.3
999 _c46915
_d46905